000 00352nam a2200169Ia 4500
100 _aPark/Chan S
650 _aEconomics
250 _a3
942 _cBK
654 _aeconomics
245 _aContemporary Engineering Economics
260 _bprentice hall
_c2002
082 _a658.5035
_bPAR
300 _a920
546 _aENGLISH
999 _c23985
_d23985